000 00720nam a2200193 i 4500
001 000001529
005 20200929145617.0
008 761104s1975 ve 001 1 spa
040 _aDO-SdBNP
_bspa
_cBNPHU
082 _a863.64
_bA773t
100 1 _aArraiz, Antonio,
_d1903-1962.
_95024
245 1 0 _aTio Tigre y Tio Conejo /
_cAntonio Arraiz.
260 _aCaracas :
_bMonte Avila Editores,
_c[1975].
300 _a203 p. ;
_c19 cm.
490 0 _aColeccion Letra viva
505 0 _aEl pobre cucarachero.--La periquita Julieta.--La cucarachita Martínez y Ratón Pérez.--Los flamencos.--Tio Tigre enfermo.--La fundación.--El toro Parapara.
650 4 _aNovela venezolana
_93962
650 4 _aLiteratura venezolana
_93816
999 _c1432
_d1432